000 00646 a2200205 4500
001 62627
005 20260407155919.0
008 260407a1982 arg spa d
003 AR-UNSa-BCEJYS
040 _aAR-UNSa-BCEJYS
_bspa
_cAR-UNSa-BCEJYS
080 _a35(460)
_xAdministración Pública de España
245 1 0 _aEstructura de la administración central (1808-1931)
020 _a978-84-7351-155-1
264 1 _aMadrid :
_bInstituto Nacional de Administración Pública (INAP)
_c1982
300 _a361 p.
_c24 cm.
041 _aspa
942 _cBK
590 _aniveau_biblio:m niveau_hierar:0
100 1 _aGarcía Madaria, José María
999 _c7727
_d7727